[Event "Gibtelecom Masters 2005"]
[Site "Gibraltar ENG"]
[Date "2005.01.28"]
[Round "4.24"]
[White "Black, Richard"]
[Black "Skripchenko, Almira"]
[Result "1/2-1/2"]
[WhiteElo "2235"]
[BlackElo "2459"]
[PlyCount "141"]
[EventDate "2005.01.26"]
[EventType "swiss"]
[EventRounds "10"]
[EventCountry "ENG"]
[Source "lmi"]
[SourceDate "2005.02.03"]

1. e4 c5 2. Nf3 e6 3. d4 cxd4 4. Nxd4 Nc6 5. Nc3 Qc7 6. g3 a6 7. Bg2 Nf6 8. O-O
Bc5 9. Nb3 Ba7 10. a4 d6 11. Qe2 Ne5 12. Be3 Bxe3 13. Qxe3 Nc4 14. Qc1 Bd7 15.
Nd2 Ne5 16. Nf3 O-O 17. Nxe5 dxe5 18. Qe3 b5 19. axb5 axb5 20. Rxa8 Rxa8 21.
Qd3 Qb6 22. Rc1 h5 23. h3 Be8 24. Rd1 Rc8 25. Rd2 Rc4 26. Qd8 Qxd8 27. Rxd8 b4
28. Bf1 Rc5 29. Nb5 Kf8 30. Bd3 Ke7 31. Rb8 Bxb5 32. Rxb5 Rxb5 33. Bxb5 Nxe4
34. h4 Nf6 35. Kg2 e4 36. Kf1 Kd6 37. Ke2 Nd5 38. Be8 Ke7 39. Bc6 f5 40. Bb5
Nc7 41. Bc4 Kd6 42. Ke3 Ke5 43. Bb3 Nd5+ 44. Ke2 f4 45. Ba4 f3+ 46. Kd2 Kd4 47.
Be8 Nf6 48. c3+ bxc3+ 49. bxc3+ Ke5 50. Bg6 Kd5 51. Bf7 Kd6 52. Ke3 Ke5 53. Kd2
Kf5 54. Ke1 Nd7 55. Kd2 Ne5 56. Be8 g6 57. Bb5 Ng4 58. Ke1 Ke5 59. Be8 e3 60.
Bc6 Nxf2 61. Bxf3 Ne4 62. g4 hxg4 63. Bxg4 Nxc3 64. h5 g5 65. Bh3 Nd5 66. h6
Kf6 67. h7 Kg7 68. Bxe6 Nf4 69. Bf5 Nh5 70. Bb1 Ng3 71. Bc2 1/2-1/2

[Event "Gibtelecom Masters 2005"]
[Site "Gibraltar ENG"]
[Date "2005.01.28"]
[Round "4.25"]
[White "Lahno, Katerina"]
[Black "Calzetta Ruiz, Monica"]
[Result "1-0"]
[WhiteElo "2454"]
[BlackElo "2281"]
[PlyCount "75"]
[EventDate "2005.01.26"]
[EventType "swiss"]
[EventRounds "10"]
[EventCountry "ENG"]
[Source "lmi"]
[SourceDate "2005.02.03"]

1. e4 c5 2. Nf3 d6 3. d4 cxd4 4. Nxd4 Nf6 5. Nc3 g6 6. Be3 Bg7 7. f3 Nc6 8. Qd2
O-O 9. O-O-O d5 10. exd5 Nxd5 11. Nxc6 bxc6 12. Bd4 Nxc3 13. Qxc3 Bh6+ 14. Be3
Bxe3+ 15. Qxe3 Qb6 16. Qxe7 Be6 17. Qa3 a5 18. Bd3 Qb4 19. Be4 Qxa3 20. bxa3
Rab8 21. Bxc6 Bxa2 22. Be4 Rfc8 23. Kd2 Kg7 24. Rhe1 Rb2 25. Re3 f5 26. Rc3
Rd8+ 27. Bd3 Rd7 28. Rc5 a4 29. Kc3 Rbb7 30. Re1 Bf7 31. f4 Rd8 32. g3 Bd5 33.
Re5 Bf3 34. Ra5 Rc8+ 35. Kd2 Bc6 36. Rec5 Kf8 37. Rxa4 Ke7 38. Rd4 1-0

[Event "Gibtelecom Masters 2005"]
[Site "Gibraltar ENG"]
[Date "2005.01.28"]
[Round "4.26"]
[White "Patterson, Roger"]
[Black "Pert, Nicholas"]
[Result "1/2-1/2"]
[WhiteElo "2195"]
[BlackElo "2501"]
[PlyCount "153"]
[EventDate "2005.01.26"]
[EventType "swiss"]
[EventRounds "10"]
[EventCountry "ENG"]
[Source "lmi"]
[SourceDate "2005.02.03"]

1. e4 e6 2. d4 d5 3. Nc3 Bb4 4. e5 c5 5. a3 Bxc3+ 6. bxc3 Qc7 7. Nf3 b6 8. Bb5+
Bd7 9. a4 Bxb5 10. axb5 a5 11. bxa6 Rxa6 12. Rxa6 Nxa6 13. Qe2 Nb8 14. c4 Ne7
15. cxd5 Nxd5 16. dxc5 Qxc5 17. c4 O-O 18. O-O Ne7 19. Qd3 Qc8 20. Ba3 Rd8 21.
Qb3 Ng6 22. Qxb6 Rd3 23. Bd6 Nd7 24. Qc7 Qxc7 25. Bxc7 Rc3 26. Bd6 Rxc4 27. g3
f6 28. exf6 gxf6 29. Rd1 Nb6 30. Kg2 e5 31. Rb1 Rc6 32. Bb4 Kf7 33. Ba5 Nd7 34.
Rb2 Ke6 35. Nd2 Ne7 36. Nf1 Nd5 37. Bd2 f5 38. Ne3 N5f6 39. Rc2 Ra6 40. Kf3 Ne4
41. Nxf5 Nxf2 42. Ng7+ Kf7 43. Kxf2 Kxg7 44. Bg5 Kg6 45. Be7 Kf7 46. Bg5 Kg6
47. Be7 Kf5 48. Kf3 Rb6 49. g4+ Ke6 50. Bg5 Rb3+ 51. Ke4 Rb4+ 52. Kf3 e4+ 53.
Kf4 Ne5 54. Rc8 e3+ 55. Kxe3 Nxg4+ 56. Kf3 Kf5 57. h4 Ne5+ 58. Kg3 Rb3+ 59. Kg2
Kg4 60. Rc2 Rg3+ 61. Kf2 Rf3+ 62. Kg2 h5 63. Rd2 Rg3+ 64. Kf2 Kh3 65. Rd5 Rg2+
66. Ke3 Rg3+ 67. Ke2 Ng6 68. Rd3 Rxd3 69. Kxd3 Nxh4 70. Bxh4 Kxh4 71. Ke2 Kg3
72. Kf1 Kh2 73. Kf2 h4 74. Kf1 h3 75. Kf2 Kh1 76. Kf1 h2 77. Kf2 1/2-1/2

[Event "Gibtelecom Masters 2005"]
[Site "Gibraltar ENG"]
[Date "2005.01.28"]
[Round "4.27"]
[White "Cmilyte, Viktorija"]
[Black "Walton, Alan J"]
[Result "1-0"]
[WhiteElo "2468"]
[BlackElo "2181"]
[PlyCount "53"]
[EventDate "2005.01.26"]
[EventType "swiss"]
[EventRounds "10"]
[EventCountry "ENG"]
[Source "lmi"]
[SourceDate "2005.02.03"]

1. d4 e6 2. Nf3 f5 3. g3 Nf6 4. Bg2 Be7 5. O-O O-O 6. b3 d6 7. Bb2 Ne4 8. Nbd2
Bf6 9. a3 Nxd2 10. Qxd2 Nc6 11. Rad1 Qe8 12. Rfe1 e5 13. dxe5 dxe5 14. e4 f4
15. gxf4 exf4 16. e5 Be7 17. Qd5+ Kh8 18. e6 Qg6 19. Qe4 Qh6 20. Kh1 Nd8 21.
Nd4 Qf6 22. Ba1 Qg6 23. Qe5 c5 24. Be4 Qf6 25. Qh5 Qh4 26. Qxh4 Bxh4 27. Nf5
1-0

[Event "Gibtelecom Masters 2005"]
[Site "Gibraltar ENG"]
[Date "2005.01.28"]
[Round "4.28"]
[White "Obers, Frits"]
[Black "Thorfinnsson, Bragi"]
[Result "0-1"]
[WhiteElo "2084"]
[BlackElo "2435"]
[PlyCount "120"]
[EventDate "2005.01.26"]
[EventType "swiss"]
[EventRounds "10"]
[EventCountry "ENG"]
[Source "lmi"]
[SourceDate "2005.02.03"]

1. d4 Nf6 2. c4 e6 3. Nc3 Bb4 4. Qc2 O-O 5. a3 Bxc3+ 6. Qxc3 b5 7. cxb5 c6 8.
Bg5 cxb5 9. e3 Bb7 10. f3 a6 11. Bd3 h6 12. Bh4 d6 13. Ne2 Nbd7 14. O-O Qb6 15.
Bf2 d5 16. b4 Rfc8 17. Qb2 Ne8 18. Nc3 Nd6 19. Rfc1 Bc6 20. e4 Qd8 21. a4 Nb6
22. a5 Nbc4 23. Qe2 dxe4 24. fxe4 e5 25. d5 Bd7 26. Bc5 Qg5 27. Rc2 h5 28. Kh1
Re8 29. Rf1 Qg6 30. Qf3 Rac8 31. Qf2 Bg4 32. h3 Bd7 33. Kh2 Red8 34. g3 Be8 35.
Re2 Rd7 36. Na2 Rdc7 37. Bb6 Nxb6 38. Qxb6 Nc4 39. Qxg6 fxg6 40. Rff2 Na3 41.
Kg2 Bd7 42. Kh2 g5 43. Kg2 g4 44. h4 Nc4 45. Rf1 Nd6 46. Rff2 Be8 47. Rc2 Bg6
48. Rxc7 Rxc7 49. Re2 Kf7 50. Kf2 Ke8 51. Kg2 Kd8 52. Re3 Ne8 53. Kf2 Nd6 54.
Ke1 Bh7 55. Kd1 Nc4 56. Re2 Rf7 57. Bxc4 bxc4 58. Re3 Rf1+ 59. Kc2 Rf2+ 60. Kb1
Rf3 0-1

[Event "Gibtelecom Masters 2005"]
[Site "Gibraltar ENG"]
[Date "2005.01.28"]
[Round "4.29"]
[White "Arsenault, Nicolas"]
[Black "Pert, Richard G"]
[Result "0-1"]
[WhiteElo "2138"]
[BlackElo "2417"]
[PlyCount "102"]
[EventDate "2005.01.26"]
[EventType "swiss"]
[EventRounds "10"]
[EventCountry "ENG"]
[Source "lmi"]
[SourceDate "2005.02.03"]

1. e4 c5 2. Nf3 d6 3. d4 cxd4 4. Nxd4 Nf6 5. Nc3 g6 6. Be3 Bg7 7. f3 Nc6 8. Qd2
O-O 9. O-O-O d5 10. exd5 Nxd5 11. Nxc6 bxc6 12. Bd4 e5 13. Bc5 Be6 14. Ne4 Re8
15. Bc4 Qc7 16. g4 Red8 17. Qe1 Nf4 18. Rxd8+ Rxd8 19. Bxe6 Nxe6 20. Bb4 Rd5
21. g5 h5 22. h4 Nd4 23. Rf1 Qc8 24. Kb1 Qf5 25. a3 Qh3 26. f4 Qh2 27. Qf2 Qxf2
28. Rxf2 Nf5 29. Bc3 Nxh4 30. fxe5 Bxe5 31. Nf6+ Bxf6 32. Bxf6 Nf5 33. Re2 Kf8
34. c4 Rd7 35. b4 Ng7 36. b5 cxb5 37. cxb5 Ne8 38. Bc3 Nc7 39. Bb4+ Kg7 40. a4
Nd5 41. Rd2 f6 42. gxf6+ Kxf6 43. Kb2 Ke6 44. Re2+ Kf5 45. Bc5 Nf4 46. Rf2 Ke4
47. Kb3 h4 48. a5 g5 49. b6 axb6 50. Bxb6 h3 51. a6 Rd6 0-1

[Event "Gibtelecom Masters 2005"]
[Site "Gibraltar ENG"]
[Date "2005.01.28"]
[Round "4.30"]
[White "Vea, Odin Blikra"]
[Black "Estremera Panos, Sergio"]
[Result "0-1"]
[WhiteElo "2077"]
[BlackElo "2384"]
[PlyCount "82"]
[EventDate "2005.01.26"]
[EventType "swiss"]
[EventRounds "10"]
[EventCountry "ENG"]
[Source "lmi"]
[SourceDate "2005.02.03"]

1. e4 c5 2. Nc3 d6 3. f4 g6 4. Nf3 Bg7 5. Bc4 Nc6 6. d3 e6 7. f5 exf5 8. O-O
Nge7 9. Qe1 h6 10. Bf4 g5 11. Qg3 Bxc3 12. bxc3 gxf4 13. Qg7 Rf8 14. exf5 Nxf5
15. Rae1+ Kd7 16. Be6+ Kc7 17. Bxf5 Bxf5 18. Qxh6 Qd7 19. Qxf4 Rae8 20. Rxe8
Rxe8 21. h4 Bg4 22. Ng5 f5 23. d4 Qe7 24. dxc5 Qe3+ 25. Qxe3 Rxe3 26. cxd6+
Kxd6 27. h5 Bxh5 28. Rxf5 Re5 29. Nf7+ Bxf7 30. Rxf7 b6 31. Rf6+ Re6 32. Rf4
Re2 33. Rf2 Re1+ 34. Kh2 Ne5 35. Rd2+ Kc5 36. a4 a5 37. Rd8 Re4 38. Rc8+ Kd6
39. c4 Rxc4 40. Rxc4 Nxc4 41. Kg3 b5 0-1

[Event "Gibtelecom Masters 2005"]
[Site "Gibraltar ENG"]
[Date "2005.01.28"]
[Round "4.31"]
[White "White, Kevin"]
[Black "Howell, David"]
[Result "1/2-1/2"]
[WhiteElo "2035"]
[BlackElo "2348"]
[PlyCount "100"]
[EventDate "2005.01.26"]
[EventType "swiss"]
[EventRounds "10"]
[EventCountry "ENG"]
[Source "lmi"]
[SourceDate "2005.02.03"]

1. Nf3 Nf6 2. c4 g6 3. Nc3 d5 4. cxd5 Nxd5 5. e4 Nxc3 6. dxc3 Qxd1+ 7. Kxd1 Bg7
8. Bf4 c6 9. Kc2 Nd7 10. Re1 O-O 11. Nd2 b5 12. Be3 a5 13. h3 e5 14. g4 a4 15.
f3 Re8 16. Bg2 Bb7 17. Nf1 Nf8 18. Ng3 Ne6 19. Ne2 c5 20. Rd1 Bf8 21. Rhe1 b4
22. cxb4 cxb4 23. Kb1 Bc5 24. Bxc5 Nxc5 25. Nc1 a3 26. b3 Ba6 27. Bf1 Rec8 28.
Rd5 f6 29. Rd6 Kf7 30. Rb6 Bxf1 31. Rxf1 Rab8 32. Rxb8 Rxb8 33. Kc2 Ne6 34. Ne2
Rc8+ 35. Kd2 Rd8+ 36. Kc2 Rc8+ 37. Kd2 g5 38. Rc1 Rxc1 39. Nxc1 Nd4 40. Kd3
Nxf3 41. Ne2 Ke6 42. Ke3 Ne1 43. Kd2 Ng2 44. Nc1 Nf4 45. Nd3 Nxh3 46. Ke3 Kd6
47. Nxb4 Kc5 48. Nc2 Nf4 49. Nxa3 Kb4 50. Nc4 Kc3 1/2-1/2

[Event "Gibtelecom Masters 2005"]
[Site "Gibraltar ENG"]
[Date "2005.01.28"]
[Round "4.32"]
[White "Jasim, AR Saleh"]
[Black "Agdestein, Emil"]
[Result "1-0"]
[WhiteElo "2340"]
[BlackElo "2045"]
[PlyCount "35"]
[EventDate "2005.01.26"]
[EventType "swiss"]
[EventRounds "10"]
[EventCountry "ENG"]
[Source "lmi"]
[SourceDate "2005.02.03"]

1. Nf3 Nf6 2. g3 d5 3. Bg2 c6 4. O-O Bg4 5. c4 e6 6. d3 Nbd7 7. cxd5 exd5 8. h3
Bh5 9. Nc3 Bd6 10. e4 dxe4 11. dxe4 Ne5 12. g4 Bg6 13. Nxe5 Bxe5 14. Qe2 h5 15.
g5 Nd7 16. f4 Bd4+ 17. Kh1 f5 18. exf5+ 1-0

[Event "Gibtelecom Masters 2005"]
[Site "Gibraltar ENG"]
[Date "2005.01.28"]
[Round "4.33"]
[White "Weeramantry, Sunil"]
[Black "Bryn, Askild"]
[Result "1-0"]
[WhiteElo "2258"]
[BlackElo "2009"]
[PlyCount "79"]
[EventDate "2005.01.26"]
[EventType "swiss"]
[EventRounds "10"]
[EventCountry "ENG"]
[Source "lmi"]
[SourceDate "2005.02.03"]

1. e4 c5 2. Nc3 g6 3. f4 Bg7 4. Nf3 e6 5. e5 Ne7 6. Ne4 O-O 7. Nxc5 d6 8. exd6
Qxd6 9. d4 Rd8 10. c3 b6 11. Nd3 Bb7 12. Be2 Nd5 13. O-O Nd7 14. Qe1 N7f6 15.
Nde5 a5 16. Bd3 Nd7 17. Qh4 f6 18. Ng4 Nxf4 19. Bxf4 Qxf4 20. Nfe5 Qd2 21. Rf2
Qxf2+ 22. Nxf2 fxe5 23. Bc4 exd4 24. Bxe6+ Kh8 25. Rd1 dxc3 26. bxc3 Nf6 27.
Rxd8+ Rxd8 28. h3 Rd2 29. Qf4 Rd8 30. Qc7 Re8 31. Bf7 Re1+ 32. Kh2 Ne8 33. Qxb7
Be5+ 34. g3 Nd6 35. Qb8+ Kg7 36. Qg8+ Kf6 37. Ng4+ Ke7 38. Nxe5 Rxe5 39. Bd5
Re2+ 40. Kg1 1-0

[Event "Gibtelecom Masters 2005"]
[Site "Gibraltar ENG"]
[Date "2005.01.28"]
[Round "4.36"]
[White "Rios Gonzalez, Jose Antonio"]
[Black "Mohamed, Hossein Abdul"]
[Result "0-1"]
[WhiteElo "2070"]
[BlackElo "2233"]
[PlyCount "74"]
[EventDate "2005.01.26"]
[EventType "swiss"]
[EventRounds "10"]
[EventCountry "ENG"]
[Source "lmi"]
[SourceDate "2005.02.03"]

1. d4 c5 2. d5 d6 3. c4 e6 4. Nc3 exd5 5. cxd5 g6 6. g3 Bg7 7. Bg2 Nf6 8. Nf3
O-O 9. O-O Na6 10. Nd2 Nc7 11. a4 b6 12. Nc4 Ba6 13. Ne3 Re8 14. Qb3 Qd7 15.
Re1 Rab8 16. Nc4 Bxc4 17. Qxc4 a6 18. Qh4 h5 19. Bh3 Qe7 20. Bg5 b5 21. axb5
axb5 22. Ra7 b4 23. Nd1 Ra8 24. Rxa8 Rxa8 25. Ne3 Nce8 26. Nc4 Qc7 27. e4 Nh7
28. Bg2 Ra2 29. Bd8 Qa7 30. e5 Bxe5 31. Nxe5 dxe5 32. Qe7 Qxe7 33. Bxe7 Rxb2
34. Bxc5 Nef6 35. Rxe5 Rb1+ 36. Bf1 b3 37. Bd4 b2 0-1

[Event "Gibtelecom Masters 2005"]
[Site "Gibraltar ENG"]
[Date "2005.01.28"]
[Round "4.37"]
[White "Van Eijk, Sander"]
[Black "Heyl, Thomas"]
[Result "1/2-1/2"]
[WhiteElo "2216"]
[BlackElo "2070"]
[PlyCount "26"]
[EventDate "2005.01.26"]
[EventType "swiss"]
[EventRounds "10"]
[EventCountry "ENG"]
[Source "lmi"]
[SourceDate "2005.02.03"]

1. e4 c5 2. Nc3 Nc6 3. Nf3 e6 4. d4 cxd4 5. Nxd4 a6 6. Be3 Nf6 7. f4 Bb4 8. Bd3
d6 9. a3 e5 10. Nf5 Bxc3+ 11. bxc3 Bxf5 12. exf5 e4 13. Be2 Qa5 1/2-1/2

[Event "Gibtelecom Masters 2005"]
[Site "Gibraltar ENG"]
[Date "2005.01.28"]
[Round "4.38"]
[White "Nicholson, John"]
[Black "Fossum, Oystein Boyum"]
[Result "0-1"]
[WhiteElo "2026"]
[BlackElo "2214"]
[PlyCount "76"]
[EventDate "2005.01.26"]
[EventType "swiss"]
[EventRounds "10"]
[EventCountry "ENG"]
[Source "lmi"]
[SourceDate "2005.02.03"]

1. e4 e5 2. Nf3 Nc6 3. Bb5 a6 4. Ba4 Nf6 5. d3 d6 6. c3 b5 7. Bb3 Be7 8. O-O
Na5 9. Bc2 c5 10. h3 O-O 11. Nbd2 Qc7 12. d4 Re8 13. Re1 Bf8 14. Nf1 g6 15. g4
Bg7 16. Ng3 Nd7 17. d5 Nb6 18. b3 Bd7 19. Bg5 Nb7 20. Qd2 f6 21. Bh6 Rf8 22.
Rad1 a5 23. Kg2 c4 24. Bxg7 Kxg7 25. g5 b4 26. cxb4 axb4 27. gxf6+ Rxf6 28.
Qxb4 Rxa2 29. Rd2 Bxh3+ 30. Kxh3 Rxf3 31. Kg2 Rf7 32. bxc4 Nxc4 33. Rde2 Qc5
34. Qb1 Rb2 35. Qc1 Qa3 36. Rh1 Qf3+ 37. Kg1 Qf4 38. Qxf4 exf4 0-1

[Event "Gibtelecom Masters 2005"]
[Site "Gibraltar ENG"]
[Date "2005.01.28"]
[Round "4.39"]
[White "Gomez Zambrana, Pedro Alfonso"]
[Black "Cazelais, Marc"]
[Result "0-1"]
[WhiteElo "2019"]
[BlackElo "2201"]
[PlyCount "68"]
[EventDate "2005.01.26"]
[EventType "swiss"]
[EventRounds "10"]
[EventCountry "ENG"]
[Source "lmi"]
[SourceDate "2005.02.03"]

1. Nf3 g6 2. d4 Bg7 3. b3 c5 4. e3 Nf6 5. Bb2 cxd4 6. exd4 O-O 7. Bd3 Nc6 8.
O-O d5 9. a3 Nh5 10. Re1 Bg4 11. Be2 Nf4 12. Nbd2 Nxe2+ 13. Rxe2 Qb6 14. h3 Bf5
15. Nf1 Rac8 16. Ng3 Bd7 17. Qd2 e6 18. h4 h6 19. Nf1 Qc7 20. N1h2 Ne7 21. c3
Nf5 22. g4 Nd6 23. Qe3 Qb6 24. Ne5 Be8 25. h5 gxh5 26. gxh5 Qxb3 27. Nhg4 Nf5
28. Qd2 Kh7 29. Kh1 Qb6 30. Rg1 Qd8 31. Bc1 Qh4+ 32. Kg2 Bxe5 33. Nxe5 Rg8+ 34.
Kf1 Qh3+ 0-1

[Event "Gibtelecom Masters 2005"]
[Site "Gibraltar ENG"]
[Date "2005.01.28"]
[Round "4.40"]
[White "Carame Gonzales, Francisco"]
[Black "Ofstad, Per"]
[Result "0-1"]
[WhiteElo "2008"]
[BlackElo "2202"]
[PlyCount "110"]
[EventDate "2005.01.26"]
[EventType "swiss"]
[EventRounds "10"]
[EventCountry "ENG"]
[Source "lmi"]
[SourceDate "2005.02.03"]

1. e4 c6 2. d4 d5 3. Nd2 dxe4 4. Nxe4 Nf6 5. Bd3 Nxe4 6. Bxe4 Bf5 7. Qd3 Bxe4
8. Qxe4 Qd5 9. Qxd5 cxd5 10. Nf3 Nc6 11. c3 e6 12. Bf4 Kd7 13. Ne5+ Nxe5 14.
Bxe5 Bd6 15. Kd2 Bxe5 16. dxe5 Rac8 17. Ke3 Rc4 18. f3 Rhc8 19. Rad1 b5 20. a3
a5 21. Rd4 Rxd4 22. Kxd4 f6 23. Re1 Rc4+ 24. Kd3 fxe5 25. Rxe5 Kd6 26. Rh5 h6
27. b3 Rf4 28. Ke3 a4 29. b4 e5 30. g3 Rc4 31. Kd3 Ke6 32. g4 Rf4 33. Rh3 Rc4
34. Rh5 d4 35. cxd4 Rxd4+ 36. Ke3 Rc4 37. Kd3 Rf4 38. Ke3 Rxb4 39. axb4 a3 40.
Ke4 a2 41. Rxe5+ Kf7 42. Rxb5 a1=Q 43. Rb7+ Ke6 44. Rb6+ Kd7 45. Rb5 Qe1+ 46.
Kd4 Qf2+ 47. Kc4 Qe2+ 48. Kc5 Qxf3 49. Ra5 Qc3+ 50. Kd5 Qf3+ 51. Kc5 Qxg4 52.
b5 Qg1+ 53. Kb4 Qxh2 54. Ra7+ Kc8 55. b6 Qe5 0-1

[Event "Gibtelecom Masters 2005"]
[Site "Gibraltar ENG"]
[Date "2005.01.28"]
[Round "4.41"]
[White "Saud, Mohamed"]
[Black "Kuenitz, Klaus"]
[Result "1-0"]
[WhiteElo "2198"]
[BlackElo "1994"]
[PlyCount "22"]
[EventDate "2005.01.26"]
[EventType "swiss"]
[EventRounds "10"]
[EventCountry "ENG"]
[Source "lmi"]
[SourceDate "2005.02.03"]

1. d4 f5 2. e4 fxe4 3. Nc3 Nf6 4. Bg5 g6 5. Bc4 c6 6. d5 Qa5 7. Bxf6 exf6 8.
Qd4 Bg7 9. Qxe4+ Kd8 10. O-O-O f5 11. Qh4+ Kc7 1-0

[Event "Gibtelecom Masters 2005"]
[Site "Gibraltar ENG"]
[Date "2005.01.28"]
[Round "4.42"]
[White "Gonzalez Amaya, Milan"]
[Black "Dunn, Andrew"]
[Result "0-1"]
[WhiteElo "1931"]
[BlackElo "2186"]
[PlyCount "92"]
[EventDate "2005.01.26"]
[EventType "swiss"]
[EventRounds "10"]
[EventCountry "ENG"]
[Source "lmi"]
[SourceDate "2005.02.03"]

1. e4 c6 2. Nc3 d5 3. Nf3 Bg4 4. h3 Bxf3 5. Qxf3 Nf6 6. exd5 cxd5 7. Bb5+ Nc6
8. d3 e6 9. g4 Be7 10. g5 Nd7 11. Bxc6 bxc6 12. Qg3 Qb8 13. Qxb8+ Rxb8 14. b3
f6 15. h4 e5 16. a4 Bb4 17. Bd2 a5 18. Ne2 Bxd2+ 19. Kxd2 O-O 20. Rh2 Rb4 21.
Rg1 f5 22. Rb1 Nc5 23. Rf1 Ne6 24. Rb1 Rfb8 25. Rg1 Nd4 26. Nxd4 Rxd4 27. c3
Rf4 28. Kc2 c5 29. Re1 Re8 30. h5 e4 31. dxe4 fxe4 32. Rd1 Rf5 33. g6 Ree5 34.
gxh7+ Kxh7 35. Kd2 Rf3 36. b4 cxb4 37. cxb4 axb4 38. Ra1 d4 39. Rb1 b3 40. Ke2
Rc3 41. Rh4 Rc2+ 42. Kf1 b2 43. Kg2 d3 44. a5 d2 45. a6 Rc1 46. Rh1 Rg5+ 0-1

[Event "Gibtelecom Masters 2005"]
[Site "Gibraltar ENG"]
[Date "2005.01.28"]
[Round "4.43"]
[White "Villena Perez, Jorge"]
[Black "Osuna Vega, Enrique"]
[Result "0-1"]
[WhiteElo "1916"]
[BlackElo "2173"]
[PlyCount "118"]
[EventDate "2005.01.26"]
[EventType "swiss"]
[EventRounds "10"]
[EventCountry "ENG"]
[Source "lmi"]
[SourceDate "2005.02.03"]

1. d4 d5 2. Nf3 Nf6 3. Bg5 Ne4 4. Bf4 c5 5. dxc5 e6 6. Nbd2 Nxd2 7. Qxd2 Bxc5
8. e3 Qb6 9. c3 Nc6 10. a3 a5 11. Bd3 f6 12. Bb1 e5 13. Bg3 Be6 14. O-O a4 15.
Ba2 Na5 16. Rad1 Nc4 17. Bxc4 dxc4 18. Qc2 Qc6 19. Rfe1 O-O 20. Nd2 Rad8 21.
Qe4 Rd5 22. Qc2 Rd3 23. Nf1 e4 24. h3 Rfd8 25. Rd2 R8d5 26. Red1 Qd7 27. Rxd3
cxd3 28. Qc1 Rh5 29. Nh2 Bd6 30. Bxd6 Qxd6 31. Nf1 Qd7 32. Qb1 Bb3 33. Rd2 Rb5
34. Ng3 Qe6 35. Kh2 h5 36. f3 Bc2 37. Qe1 exf3 38. gxf3 Rxb2 39. Nxh5 Qe5+ 40.
Nf4 Qxc3 41. Nd5 Qe5+ 42. Nf4 Rb1 43. Qg3 Qa1 44. Qg2 Qxa3 45. Nd5 Qd6+ 46. f4
a3 47. Qe4 Kf8 48. Rg2 d2 49. Qxc2 d1=Q 50. Qc8+ Kf7 51. Qf5 Q1xd5 52. Qg6+ Ke7
53. Qxb1 Kf8 54. Qg6 Qd7 55. e4 Qb3 56. Qh7 a2 57. Qh8+ Qg8 58. Qxg8+ Kxg8 59.
Rxa2 Qd4 0-1

[Event "Gibtelecom Masters 2005"]
[Site "Gibraltar ENG"]
[Date "2005.01.28"]
[Round "4.51"]
[White "De Andres Gonalons, Fernando"]
[Black "Coimbra, Margarida"]
[Result "1/2-1/2"]
[WhiteElo "2115"]
[BlackElo "2081"]
[PlyCount "121"]
[EventDate "2005.01.26"]
[EventType "swiss"]
[EventRounds "10"]
[EventCountry "ENG"]
[Source "lmi"]
[SourceDate "2005.02.03"]

1. d4 d5 2. c4 c6 3. Nf3 Nf6 4. Nc3 e6 5. e3 Nbd7 6. Bd3 Bd6 7. e4 dxe4 8. Nxe4
Nxe4 9. Bxe4 h6 10. O-O O-O 11. Bc2 e5 12. Re1 Bb4 13. Bd2 Bxd2 14. Qxd2 exd4
15. Nxd4 Nf6 16. Qc3 Qc7 17. h3 Bd7 18. Re3 c5 19. Nf3 Rfe8 20. Ne5 Re7 21.
Rae1 Rae8 22. a3 Bc6 23. f4 Kf8 24. Bd1 Nd7 25. Nxc6 Rxe3 26. Rxe3 Rxe3 27.
Qxe3 Qxc6 28. Bf3 Qb6 29. Qd2 Nf6 30. Kh2 Kg8 31. b4 Qe6 32. Qd8+ Kh7 33. Qd3+
Kg8 34. bxc5 Qe7 35. Qd4 Nd7 36. Qd6 Qxd6 37. cxd6 Nc5 38. d7 Nxd7 39. Bxb7 Kf8
40. Kg3 Ke7 41. Kf3 Kd6 42. Bd5 f5 43. Ke3 g5 44. g3 Nc5 45. Bh1 Ne6 46. h4
gxf4+ 47. gxf4 Kc5 48. Bd5 Nc7 49. Bf7 Na8 50. Kd3 Nb6 51. Be6 a5 52. Kc3 Na4+
53. Kb3 Nb6 54. h5 Kd4 55. Bxf5 Nxc4 56. Ka4 Nxa3 57. Kxa3 Ke3 58. Ka4 Kxf4 59.
Bg6 Kg5 60. Kxa5 Kf6 61. Kb5 1/2-1/2

[Event "Gibtelecom Masters 2005"]
[Site "Gibraltar ENG"]
[Date "2005.01.28"]
[Round "4.53"]
[White "Matto, Manuel"]
[Black "Cardenas Romo, Alejandro"]
[Result "1-0"]
[WhiteElo "2082"]
[BlackElo "1921"]
[PlyCount "97"]
[EventDate "2005.01.26"]
[EventType "swiss"]
[EventRounds "10"]
[EventCountry "ENG"]
[Source "lmi"]
[SourceDate "2005.02.03"]

1. e4 d5 2. exd5 Qxd5 3. Nc3 Qa5 4. Nf3 Nf6 5. d3 Bg4 6. Be2 e6 7. h3 Bh5 8.
Bd2 Nc6 9. a3 Ne5 10. O-O c6 11. Ne4 Nxf3+ 12. Bxf3 Bxf3 13. Qxf3 Qd8 14. Rad1
Be7 15. Bc3 O-O 16. Qg3 Kh8 17. f4 Qb6+ 18. Kh1 Qc7 19. Be5 Qd8 20. h4 h6 21.
h5 Nxh5 22. Qg4 Nf6 23. Qf3 Nd7 24. Bc3 f6 25. g4 e5 26. f5 Rf7 27. Rf2 Nf8 28.
Rh2 Nh7 29. Kg2 Qc7 30. Rdh1 Ng5 31. Nxg5 fxg5 32. Bd2 Kg8 33. Rh5 Qd6 34. Bb4
c5 35. Bc3 Bf6 36. Re1 Re8 37. Re4 b6 38. Rh1 a5 39. Rhe1 Rfe7 40. b4 cxb4 41.
axb4 Rc8 42. d4 exd4 43. Rxe7 Bxe7 44. Bd2 Rxc2 45. Qb3+ Kh8 46. Qxc2 d3 47.
Qc8+ Kh7 48. Qe6 Qd4 49. Qe4 1-0

[Event "Gibtelecom Masters 2005"]
[Site "Gibraltar ENG"]
[Date "2005.01.28"]
[Round "4.57"]
[White "Gonzalez Nunez, Millan"]
[Black "Sedgwick, David"]
[Result "0-1"]
[WhiteElo "1931"]
[BlackElo "2082"]
[PlyCount "68"]
[EventDate "2005.01.26"]
[EventType "swiss"]
[EventRounds "10"]
[EventCountry "ENG"]
[Source "lmi"]
[SourceDate "2005.02.03"]

1. e4 e5 2. f4 exf4 3. Nf3 d6 4. Bc4 g5 5. h3 Bg7 6. d4 Be6 7. Bxe6 fxe6 8. Nc3
Nc6 9. b3 Qf6 10. Ne2 Qg6 11. Qd3 O-O-O 12. Bb2 d5 13. Nc3 Nf6 14. Nd2 Nb4 15.
Qb5 Nxc2+ 16. Kf2 Nxa1 17. Rxa1 dxe4 18. Kg1 Qf5 19. Qa4 a6 20. Rc1 Nd5 21.
Ncxe4 Nb6 22. Qb4 Kb8 23. Nc5 Qd5 24. Nf3 h5 25. a4 g4 26. a5 gxf3 27. axb6
Bxd4+ 28. Kh2 c6 29. Bxd4 Qxd4 30. Qa5 Qg7 31. Rg1 f2 32. Rf1 Qg3+ 33. Kh1 f3
34. gxf3 Qxh3# 0-1

[Event "Gibtelecom Masters 2005"]
[Site "Gibraltar ENG"]
[Date "2005.01.29"]
[Round "5.2"]
[White "Avrukh, Boris"]
[Black "Sargissian, Gabriel"]
[Result "1/2-1/2"]
[WhiteElo "2629"]
[BlackElo "2602"]
[PlyCount "139"]
[EventDate "2005.01.26"]
[EventType "swiss"]
[EventRounds "10"]
[EventCountry "ENG"]
[Source "lmi"]
[SourceDate "2005.02.03"]

1. d4 Nf6 2. c4 e6 3. g3 d5 4. Nf3 Bb4+ 5. Bd2 Be7 6. Bg2 O-O 7. O-O c6 8. Qc2
b6 9. Bf4 Bb7 10. Rd1 Nbd7 11. Ne5 Rc8 12. Nc3 b5 13. c5 Nxe5 14. Bxe5 Ng4 15.
Bf4 f5 16. b4 a6 17. a4 Ra8 18. Ra3 Qd7 19. Na2 g5 20. Bc1 Kh8 21. Bb2 f4 22.
h3 Nf6 23. g4 h5 24. Nc1 Bd8 25. Qg6 Qg7 26. gxh5 Qxg6 27. hxg6 Bc7 28. Nd3 Kg7
29. Ne5 Bxe5 30. dxe5 Ng8 31. h4 g4 32. Rd4 Ne7 33. h5 Rf5 34. f3 g3 35. Bc1
Raf8 36. Ra2 bxa4 37. Bh3 Rxh5 38. Bg4 Rxe5 39. Rxf4 Nxg6 40. Rxf8 Kxf8 41. Kg2
d4 42. f4 Nh4+ 43. Kxg3 Nf5+ 44. Kf2 Rd5 45. Bd2 Kf7 46. Rxa4 Rd8 47. Ra3 Rh8
48. Rh3 Rxh3 49. Bxh3 Bc8 50. Bg2 Bd7 51. Be4 Kf6 52. Bd3 Bc8 53. Kf3 e5 54.
Be1 Be6 55. fxe5+ Kxe5 56. Bxa6 Bd5+ 57. Kf2 Ne3 58. Bd2 Nd1+ 59. Kg3 Ne3 60.
Kf2 Nd1+ 61. Ke1 Ne3 62. Bd3 Bf7 63. Kf2 Nd1+ 64. Kg3 Ne3 65. Bxe3 dxe3 66. b5
cxb5 67. Bxb5 Bh5 68. c6 Kd6 69. Kf4 Bxe2 70. Ke4 1/2-1/2